000 00206nam a22001097a 4500
041 _aeng
080 _a80
100 _aLongerich, P.
245 _aDeutschland 1918-1933
650 _aGerman
999 _c277760
_d277760
942 _cBK